Mujer, trabajo y ciudadanía /

में बचाया:
ग्रंथसूची विवरण
मुख्य लेखक: Zaida Lobato, Mirta
अन्य लेखक: Villar Márquez, Eliana Córdova Cayo, Patricia Spione, Claudia M, Ulloa González, Mirtha
स्वरूप: मूलपाठ
प्रकाशित: Buenos Aires: CLACSO
टैग: टैग जोड़ें
कोई टैग नहीं, इस रिकॉर्ड को टैग करने वाले पहले व्यक्ति बनें!

MARC

LEADER 00000 a a2200000 04500
001 38923
003
040 |a CRAI/IIS  |c CRAI/IIS 
020 |a 950-9231-39-8  
090 |a 10033 L796m  
100 |a Zaida Lobato, Mirta  
245 |a Mujer, trabajo y ciudadanía /  |c Mirta Zaida Lobato 
260 |a Buenos Aires:   |b CLACSO  
300 |a 229 p.  
700 |a Villar Márquez, Eliana   |a Córdova Cayo, Patricia   |a Spione, Claudia M,   |a Ulloa González, Mirtha  
999 |c 17047  |d 17047